000 00513cam a22002171 4500
001 sa 68011132
003 DLC
005 20260227112558.0
008 890711s1967 ii 000 1 tamo
010 _asa 68011132
035 _a(OCoLC)19992880
040 _aDLC
_cWaU
_dDLC
042 _apremarc
050 0 0 _aPL4758.9.S9
_bK3
100 1 _aSwaminathan, Gomathi,
_d1919-
245 1 0 _aKālak kan̲avukaḷ.
260 _c[1967]
300 _a235 p.
_c19 cm.
500 _aIn Tamil.
500 _aA novel.
999 _c83758
_d83758